Атомная модель большого взрыва; Известия вузов. Физика; Т. 55, № 10

Dades bibliogràfiques
Parent link:Известия вузов. Физика: научный журнал/ Национальный исследовательский Томский государственный университет (ТГУ).— , 1957-
Т. 55, № 10.— 2012.— [С. 51-61]
Autor principal: Ласуков В. В. Владимир Васильевич
Autor corporatiu: Национальный исследовательский Томский политехнический университет (ТПУ) Физико-технический институт (ФТИ) Кафедра высшей математики (ВМ)
Sumari:Заглавие с экрана
Завершено построение атомной модели Большого взрыва, основанной на квантовой геометродинамике с отличным от нуля гамильтонианом и на концепции гравитации Логунова, асимптотически совмещенной с идеей Глинера о материальной интерпретации космологической постоянной. В роли модели Большого взрыва выступает первоатом Леметра в сверхпространстве-времени, «пространственной координатой» которого является так называемый масштабный фактор метрики Логунова эффективного риманова пространства. Первоатом Леметра в сверхпространстве-времени соответствует заполненным скалярным полем с постоянной отрицательной плотностью потенциальной энергии пространственно-временным структурам (сферы, линии и поверхности уровня) пространства-времени Минковского, реального в теории гравитации Логунова.
Режим доступа: по договору с организацией-держателем ресурса
Idioma:rus
Publicat: 2012
Matèries:
Accés en línia:http://elibrary.ru/item.asp?id=18306370
Format: MixedMaterials Electrònic Capítol de llibre
KOHA link:https://koha.lib.tpu.ru/cgi-bin/koha/opac-detail.pl?biblionumber=637442

MARC

LEADER 00000nla0a2200000 4500
001 637442
005 20250421090506.0
035 |a (RuTPU)RU\TPU\network\1582 
090 |a 637442 
100 |a 20140915d2012 k||y0rusy50 ca 
101 0 |a rus 
102 |a RU 
135 |a drcn ---uucaa 
181 0 |a i  
182 0 |a b 
200 1 |a Атомная модель большого взрыва  |f В. В. Ласуков 
203 |a Текст  |c электронный 
300 |a Заглавие с экрана 
320 |a [Библиогр.: с. 60-61 (60 назв.)] 
330 |a Завершено построение атомной модели Большого взрыва, основанной на квантовой геометродинамике с отличным от нуля гамильтонианом и на концепции гравитации Логунова, асимптотически совмещенной с идеей Глинера о материальной интерпретации космологической постоянной. В роли модели Большого взрыва выступает первоатом Леметра в сверхпространстве-времени, «пространственной координатой» которого является так называемый масштабный фактор метрики Логунова эффективного риманова пространства. Первоатом Леметра в сверхпространстве-времени соответствует заполненным скалярным полем с постоянной отрицательной плотностью потенциальной энергии пространственно-временным структурам (сферы, линии и поверхности уровня) пространства-времени Минковского, реального в теории гравитации Логунова. 
333 |a Режим доступа: по договору с организацией-держателем ресурса 
461 |t Известия вузов. Физика  |o научный журнал  |f Национальный исследовательский Томский государственный университет (ТГУ)  |d 1957- 
463 |t Т. 55, № 10  |v [С. 51-61]  |d 2012 
610 1 |a электронный ресурс 
610 1 |a труды учёных ТПУ 
610 1 |a сверхпространство-время 
610 1 |a геометродинамика 
610 1 |a Леметр 
700 1 |a Ласуков  |b В. В.  |c математик  |c доцент Томского политехнического университета, кандидат физико-математических наук  |f 1954-  |g Владимир Васильевич  |3 (RuTPU)RU\TPU\pers\28144  |9 13102 
712 0 2 |a Национальный исследовательский Томский политехнический университет (ТПУ)  |b Физико-технический институт (ФТИ)  |b Кафедра высшей математики (ВМ)  |3 (RuTPU)RU\TPU\col\18728 
801 2 |a RU  |b 63413507  |c 20150421  |g RCR 
850 |a 63413507 
856 4 |u http://elibrary.ru/item.asp?id=18306370 
942 |c CF